Fővárosok - Hirtelen halál - Statistics

General Stats
  • This quiz has been taken 76 times
  • The average score is 9 of 28
Answers on the Grid
Answers color-coded by a green-red scale on the quiz's grid according to % correct below.
Al-Falludzsa
Ankara
Athén
Auckland
Bagdad
Baku
Bangkok
Bécs
Belmopan
Bogota
Dubai
Dublin
Fokváros
Freetown
Hamburg
Havanna
Helsinki
Johannesburg
Jos
Lagos
Leeds
Lima
London
Manila
Marrakech
Medellin
Memphis
Monrovia
Moszkva
Mumbai
Nairobi
New York
Osaka
Oslo
Porto
Rijád
Róma
São Paulo
Spalató
Surabaya
Suva
Sydney
Szöul
Tbiliszi
Tijuana
Tokió
Torino
Toronto
Tunisz
Varsó
 
Answer Stats
Answer % Correct
Athén
80%
Bécs
74%
Ankara
69%
Bangkok
54%
Dublin
51%
Helsinki
46%
London
46%
Baku
43%
Bogota
40%
Bagdad
37%
Moszkva
37%
Oslo
31%
Róma
31%
Szöul
31%
Varsó
31%
Tokió
29%
Havanna
26%
Lima
26%
Nairobi
26%
Belmopan
14%
Rijád
14%
Tunisz
14%
Fokváros
11%
Manila
11%
Monrovia
11%
Tbiliszi
11%
Freetown
6%
Suva
0%
No matching quizzes found
Score Distribution
Percent of People with Each Score
Percentile by Number Answered
Your Score History
You have not taken this quiz